000
00340nam a2200133Ia 4500
008
100328s9999 xx 000 0 und d
082
_b
68283
100
_a
ओक जनार्दन.
245
_a
हारजीत.
260
_b
मेघना.
630
_a
हारजीत.
730
_a
हारजीत.
942
_c
BOOK
999
_c
554022
_d
554019